000 00694nam a2200229 4500
003 OSt
005 20260530115307.0
008 260507b1817 nyu||||| |||| 00| 0 eng d
040 _aICI
_bspa
_cICI
_erda
041 _aeng
100 1 _aSaparke, Penny,
_932141
245 1 3 _aAn Introduction to Design and Culture in the Twentieth Century
_cPenny sparke
264 1 _a New York ; México city :
_bHarper & Row,
_c c1986
300 _a269 páginas
336 _atexto
_2rdacontent
337 _asin medio
_2rdamedia
338 _avolumen
_2rdacarrier
490 0 _aIcon editions
650 _aDiseño
_xHistoria
_ySiglo XX
_93189
650 _aDiseño industrial
_915218
942 _2lcc
_cBK
_n1
999 _c13135
_d13135